| 000 | 00636nam a2200217 i 4500 | ||
|---|---|---|---|
| 001 | 101833 | ||
| 003 | ES-MaACL | ||
| 005 | 20230906183005.0 | ||
| 007 | t| | ||
| 008 | 051026s1986 sp ||||1| spa d | ||
| 020 | _a84-7658-010-X | ||
| 100 | 1 |
_aMellizo, Felipe. _979999 |
|
| 245 | 1 | 0 |
_aDe letras y números / _cFelipe Mellizo. |
| 250 | _a1ª ed. | ||
| 260 |
_aBarcelona : _bAnthropos, _c1986. |
||
| 300 |
_a141 p. ; _c20 cm. |
||
| 490 | 1 |
_aPensamiento crítico/pensamiento utópico ; _v22 |
|
| 830 | 0 |
_aPensamiento crítico/pensamiento utópico ; _v22 _9177290 |
|
| 852 |
_aES-MaACL _jG-9417 _bR.114623 |
||
| 999 |
_c101833 _d101833 |
||